MARC details
| 000 -CABECERA |
| campo de control de longitud fija |
01114nam a22002777a 4500 |
| 005 - FECHA Y HORA DE LA ÚLTIMA TRANSACCIÓN |
| campo de control |
20260417213822.0 |
| 007 - CAMPO FIJO DE DESCRIPCIÓN FÍSICA--INFORMACIÓN GENERAL |
| campo de control de longitud fija |
cr |||aaa||||| |
| 008 - ELEMENTOS DE LONGITUD FIJA--INFORMACIÓN GENERAL |
| campo de control de longitud fija |
260417s2016 sp|a||||o|||| 001 0 spa d |
| 020 ## - NÚMERO INTERNACIONAL NORMALIZADO PARA LIBROS |
| Número Internacional Estándar del Libro |
9788490442395 |
| 040 ## - FUENTE DE LA CATALOGACIÓN |
| Centro catalogador/agencia de origen |
MX-MxUPN |
| Lengua de catalogación |
spa |
| Normas de descripción |
aacr2 |
| 041 0# - CÓDIGO DE IDIOMA |
| Código de lengua del texto/banda sonora o título independiente |
spa |
| 050 #4 - SIGNATURA TOPOGRÁFICA DE LA BIBLIOTECA DEL CONGRESO |
| Número de clasificación |
PN1009 A1 |
| 245 00 - MENCIÓN DE TÍTULO |
| Título |
Literatura y poder : |
| Resto del título |
las censuras en la LIJ |
| Medio |
[recurso electrónico en línea] |
| 260 ## - PUBLICACIÓN, DISTRIBUCIÓN, ETC. |
| Lugar de publicación, distribución, etc. |
Cuenca : |
| Nombre del editor, distribuidor, etc. |
Universidad de Castilla-La Mancha, |
| Fecha de publicación, distribución, etc. |
2016 |
| 300 ## - DESCRIPCIÓN FÍSICA |
| Extensión |
1 recurso en línea (123 páginas) : |
| Otras características físicas |
ilsutraciones, PDF |
| 506 0# - NOTA DE RESTRICCIONES AL ACCESO |
| Limitaciones de acceso |
Acceso abierto |
| 650 #4 - ASIENTO SECUNDARIO DE MATERIA - TERMINO TEMATICO |
| Término de materia o nombre geográfico como elemento de entrada |
Literatura infantil |
| Subdivisión general |
Censura |
| Subdivisión geográfica |
España |
| Subdivisión cronológica |
Siglo XX |
| 9 (RLIN) |
59299 |
| 650 #4 - ASIENTO SECUNDARIO DE MATERIA - TERMINO TEMATICO |
| Término de materia o nombre geográfico como elemento de entrada |
Literatura juvenil |
| Subdivisión general |
Censura |
| Subdivisión geográfica |
España |
| Subdivisión cronológica |
Siglo XX |
| 9 (RLIN) |
59300 |
| 650 #4 - ASIENTO SECUNDARIO DE MATERIA - TERMINO TEMATICO |
| Término de materia o nombre geográfico como elemento de entrada |
Literatura infantil |
| Subdivisión general |
Censura |
| Subdivisión cronológica |
América Latina |
| Subdivisión geográfica |
Siglo XX |
| 9 (RLIN) |
59301 |
| 650 #4 - ASIENTO SECUNDARIO DE MATERIA - TERMINO TEMATICO |
| Término de materia o nombre geográfico como elemento de entrada |
Literatura juvenil |
| Subdivisión general |
Censura |
| Subdivisión geográfica |
América Latina |
| Subdivisión cronológica |
Siglo XX |
| 9 (RLIN) |
59302 |
| 700 1# - ASIENTO SECUNDARIO--NOMBRE DE PERSONAL |
| Nombre de persona |
Luján Atienza, Ángel Luis, |
| Fechas asociadas al nombre |
1970 |
| 9 (RLIN) |
59307 |
| Término indicativo de función/relación |
coordinación |
| 700 1# - ASIENTO SECUNDARIO--NOMBRE DE PERSONAL |
| Nombre de persona |
Sánchez Ortiz, César |
| 9 (RLIN) |
59308 |
| Término indicativo de función/relación |
coordinación |
| 856 40 - LOCALIZACIÓN Y ACCESO ELECTRÓNICOS |
| Identificador Uniforme del Recurso |
<a href="https://hdl.handle.net/10578/10832">https://hdl.handle.net/10578/10832</a> |
| 902 ## - ELEMENTOS DE DATOS B LOCAL, LDB (RLIN) |
| Creó |
VìctorGodìnez/170426 |
| 942 ## - ELEMENTOS DE PUNTO DE ACCESO ADICIONAL (KOHA) |
| Fuente del sistema de clasificación o colocación |
Library of Congress Classification |
| Tipo de ítem Koha |
Libro Electrónico |